000 00839nam a2200217 i 4500
001 54621
003 ES-MaACL
005 20240530062936.0
007 t|
008 961202s1850 sp |||| | spa d
080 _a378.22(460)
100 1 _aFuente, Vicente de la,
_d1817-1889
_952857
245 1 0 _aDiscurso acerca de la validez canónica de los grados académicos conferidos en España en estos últimos años /
_cpor Don Vicente de la Fuente.
260 _aMadrid :
_b[s.n.],
_c1850 (
_fImp. de Alejandro Gómez Fuentenebro)
300 _a25 p. ;
_c21 cm.
530 _aDisponible en formato digital.
650 4 _aTítulos académicos-
_zEspaña.
_9163568
852 4 _aES-MaACL
_jT-34-F-10
856 4 _uhttp://bdh-rd.bne.es/viewer.vm?id=0000096992&page=1
_zBiblioteca Digital Hispánica
999 _c54621
_d54621